[Event "ch-RUS Blitz 2018"]
[Site "Sochi RUS"]
[Date "2018.10.07"]
[Round "16.2"]
[White "Ponkratov, P."]
[Black "Esipenko, Andrey"]
[Result "1-0"]
[WhiteElo "2628"]
[BlackElo "2609"]
[PlyCount "98"]
[EventDate "2018.10.07"]
[EventType "swiss (blitz)"]
[EventRounds "20"]
[EventCountry "RUS"]
[SourceTitle "The Week in Chess 1248"]
[Source "Mark Crowther"]
[SourceDate "2018.10.08"]
[SourceVersion "4"]
[SourceVersionDate "2019.08.03"]
[SourceQuality "2"]

1. d4 Nf6 2. Bg5 d5 3. Nf3 e6 4. Nbd2 c5 5. e4 dxe4 6. Nxe4 cxd4 7. Bxf6 gxf6
8. Qxd4 Qxd4 9. Nxd4 Ke7 10. O-O-O f5 11. Nd2 Bd7 12. f4 Nc6 13. N2f3 Bg7 14.
g3 Rhc8 15. c3 Nxd4 16. Nxd4 Rc7 17. Kb1 a6 18. Bg2 Rac8 19. Rhe1 Kf8 20. Bf3
Bf6 21. Rd2 Ba4 22. Re3 Be8 23. Red3 Ke7 24. a3 Rd7 25. Nc2 Rxd3 26. Rxd3 Rc7
27. Ne3 Bb5 28. Rd2 Ke8 29. c4 Ba4 30. b4 b6 31. Rd6 Rd7 32. Bc6 Bxc6 33. Rxc6
Bd4 34. Nf1 Bg1 35. Kc2 h5 36. a4 Ke7 37. a5 bxa5 38. bxa5 Rd6 39. Rc7+ Kf6 40.
Rb7 Rd4 41. Nd2 Be3 42. Nf3 Rd8 43. Ne5 Kg7 44. Nxf7 Rd2+ 45. Kc3 Rxh2 46. Ne5+
Kg8 47. Kd3 Bc5 48. Nd7 Bf2 49. c5 Bxc5 1-0

[Event "NOR-chT 1314"]
[Site "Norway"]
[Date "2013.11.02"]
[Round "2.5"]
[White "Predojevic, Borki"]
[Black "Berg, Emanuel"]
[Result "1-0"]
[WhiteElo "2602"]
[BlackElo "2547"]
[PlyCount "67"]
[EventDate "2013.11.01"]
[EventType "team-tourn"]
[EventRounds "9"]
[EventCountry "NOR"]
[SourceTitle "EXT 2014"]
[Source "ChessBase"]
[SourceDate "2013.11.20"]
[SourceVersion "1"]
[SourceVersionDate "2013.11.20"]
[SourceQuality "1"]
[WhiteTeam "Valerenga"]
[BlackTeam "OSS"]
[WhiteTeamCountry "NOR"]
[BlackTeamCountry "NOR"]

1. d4 Nf6 2. Bg5 e6 3. Nd2 h6 4. Bh4 c5 5. e3 Be7 6. c3 b6 7. Ngf3 Bb7 8. Bd3
d6 9. O-O Nbd7 10. e4 O-O 11. Re1 Nh5 12. Bxe7 Qxe7 13. a4 Nf4 14. Bf1 cxd4 15.
Nxd4 d5 16. g3 Ng6 17. a5 bxa5 18. exd5 Bxd5 19. Rxa5 Nb6 20. c4 Qf6 21. cxd5
Qxd4 22. dxe6 fxe6 23. Qe2 Qxb2 24. Qxe6+ Kh7 25. Bd3 Rf6 26. Qe2 Kh8 27. Rb5
Qd4 28. Nb3 Qd6 29. Nc5 Qf8 30. Qe4 Rc8 31. Rxb6 Rxb6 32. Nd7 Qb4 33. Nxb6 Qxe4
34. Bxe4 1-0

[Event "FRA-chB"]
[Site "Aix les Bains"]
[Date "2007.08.13"]
[Round "2"]
[White "Prie, Eric"]
[Black "Shchekachev, Andrei"]
[Result "1-0"]
[WhiteElo "2518"]
[BlackElo "2541"]
[PlyCount "69"]
[EventDate "2007.08.13"]
[EventType "tourn"]
[EventRounds "11"]
[EventCountry "FRA"]
[EventCategory "9"]
[SourceTitle "CBM 120 Extra"]
[Source "ChessBase"]
[SourceDate "2007.11.01"]
[SourceVersion "1"]
[SourceVersionDate "2007.11.01"]
[SourceQuality "1"]

1. d4 Nf6 2. Bg5 d5 3. e3 c5 4. c3 Nbd7 5. Nf3 g6 6. Nbd2 Bg7 7. a4 O-O 8. a5
h6 9. Bh4 Ne8 10. Qb3 Ndf6 11. dxc5 Qc7 12. Qb4 e5 13. Be2 Be6 14. O-O g5 15.
Bg3 Nd7 16. c4 Nef6 17. Rfc1 Ne4 18. cxd5 Nxg3 19. hxg3 Bxd5 20. Ne4 Nb8 21.
Nd6 e4 22. Nd4 Nc6 23. Qd2 Nxd4 24. exd4 f5 25. Bc4 Bxc4 26. Rxc4 Rad8 27. Rb4
Rxd6 28. cxd6 Qxd6 29. Rxb7 f4 30. Qb4 Qg6 31. Rb8 e3 32. Rxf8+ Bxf8 33. Qc4+
Kh8 34. fxe3 fxg3 35. Rf1 1-0

[Event "PNWCC Online Blitz JP 9"]
[Site "chess.com INT"]
[Date "2020.05.09"]
[Round "7"]
[White "Quesada Perez, Yu"]
[Black "Triapishko, Alexandr"]
[Result "1-0"]
[WhiteElo "2598"]
[BlackElo "2506"]
[PlyCount "87"]
[EventDate "2020.05.09"]
[EventType "swiss (blitz)"]
[EventRounds "11"]
[SourceTitle "The Week in Chess 1331"]
[Source "Mark Crowther"]
[SourceDate "2020.05.11"]
[SourceVersion "1"]
[SourceVersionDate "2020.05.11"]
[SourceQuality "2"]

1. d4 Nf6 2. Bg5 d5 3. Bxf6 gxf6 4. e3 c5 5. dxc5 Nc6 6. Bb5 e6 7. c4 dxc4 8.
Nd2 Bxc5 9. Ngf3 O-O 10. O-O Na5 11. Nxc4 a6 12. Nxa5 axb5 13. Nb3 Bb6 14. Nfd4
Qd5 15. Qg4+ Kh8 16. Qh4 Kg7 17. Rfd1 Ra4 18. h3 h6 19. Rd2 Rc4 20. Rad1 Qg5
21. Qxg5+ hxg5 22. Nxb5 Rb4 23. Nd6 f5 24. Rc2 Bd7 25. Nxf5+ exf5 26. Rxd7 f4
27. exf4 gxf4 28. Nd2 Re8 29. Nf3 Ba7 30. Kf1 Rbe4 31. Rdd2 Bb6 32. Re2 f5 33.
Ng5 Rxe2 34. Rxe2 Rc8 35. Re7+ Kf6 36. Re6+ Kxg5 37. Rxb6 Rc7 38. a4 Rd7 39.
Ke2 Re7+ 40. Kf3 Rd7 41. h4+ Kxh4 42. Kxf4 Kh5 43. Kxf5 Rf7+ 44. Rf6 1-0

[Event "PNWCC Online Blitz JP 8"]
[Site "chess.com INT"]
[Date "2020.05.02"]
[Round "8"]
[White "Quesada Perez, Yu"]
[Black "Demchenko, A."]
[Result "1-0"]
[WhiteElo "2598"]
[BlackElo "2641"]
[PlyCount "93"]
[EventDate "2020.05.02"]
[EventType "swiss (blitz)"]
[EventRounds "11"]
[SourceTitle "The Week in Chess 1330"]
[Source "Mark Crowther"]
[SourceDate "2020.05.04"]
[SourceVersion "1"]
[SourceVersionDate "2020.05.04"]
[SourceQuality "2"]

1. d4 Nf6 2. Bg5 g6 3. Bxf6 exf6 4. e3 d5 5. g3 c6 6. Bg2 Bd6 7. Nd2 Be6 8. Ne2
Nd7 9. e4 dxe4 10. Nxe4 Bc7 11. O-O O-O 12. c3 f5 13. Nd2 Nf6 14. Re1 Re8 15.
Nc1 f4 16. Nd3 fxg3 17. hxg3 Bg4 18. Rxe8+ Qxe8 19. Qc2 Bf5 20. Nc4 Qf8 21. Ne3
Bxd3 22. Qxd3 Rd8 23. a4 h5 24. a5 a6 25. b4 Qh6 26. Qe2 Re8 27. Qf3 Qg5 28. d5
Ne4 29. dxc6 bxc6 30. Nc4 h4 31. Re1 f5 32. g4 Kh8 33. gxf5 gxf5 34. Qe3 Bf4
35. Qd4+ Kh7 36. Kf1 Qg6 37. Qd7+ Kh6 38. Bxe4 fxe4 39. Ne3 Bxe3 40. Rxe3 Rg8
41. Qh3 Kh5 42. c4 Rd8 43. Ke2 Rf8 44. Rg3 Rxf2+ 45. Kxf2 Qf6+ 46. Kg2 Qb2+ 47.
Kh1 1-0

[Event "Wch Rapid"]
[Site "Doha"]
[Date "2016.12.26"]
[Round "3"]
[White "Radjabov, Teimour"]
[Black "Mchedlishvili, Mikheil"]
[Result "1-0"]
[WhiteElo "2710"]
[BlackElo "2601"]
[PlyCount "55"]
[EventDate "2016.12.26"]
[EventType "swiss (rapid)"]
[EventRounds "15"]
[EventCountry "QAT"]
[SourceTitle "CBM 176"]
[Source "ChessBase"]
[SourceDate "2017.01.17"]
[SourceVersion "1"]
[SourceVersionDate "2017.01.17"]
[SourceQuality "1"]

1. d4 Nf6 2. Bg5 e6 3. Nf3 h6 4. Bh4 d6 5. e3 g5 6. Bg3 Nh5 7. Nbd2 Bg7 8. c3
Nd7 9. Bd3 Qe7 10. Qe2 a6 11. O-O-O b5 12. Nf1 Rb8 13. h4 b4 14. c4 g4 15. N3d2
Nxg3 16. Nxg3 Nf6 17. f3 h5 18. Rhf1 Bb7 19. Bc2 Bc6 20. Rde1 a5 21. Qd1 Qd7
22. e4 Qd8 23. Kb1 Bh6 24. fxg4 hxg4 25. Rf2 Ng8 26. Qxg4 Qe7 27. Ref1 Bxd2 28.
Qg7 1-0

[Event "Benidorm Bali"]
[Site "Benidorm"]
[Date "2003.11.29"]
[Round "11"]
[White "Radjabov, Teimour"]
[Black "Polgar, Judit"]
[Result "1-0"]
[WhiteElo "2650"]
[BlackElo "2722"]
[Annotator "Finkel,A"]
[PlyCount "79"]
[EventDate "2003.11.27"]
[EventType "tourn (rapid)"]
[EventRounds "11"]
[EventCountry "ESP"]
[EventCategory "16"]
[SourceTitle "CBM 099"]
[Source "ChessBase"]
[SourceDate "2004.03.30"]
[SourceVersion "1"]
[SourceVersionDate "2004.03.30"]
[SourceQuality "1"]

{[%mdl 512]} 1. d4 {Ftacnik} Nf6 2. Bg5 Ne4 3. Bf4 d5 4. e3 (4. f3 Nf6 5. Nc3
e6 6. e4 Bb4 7. Qd3 c5 8. dxc5 Nc6 9. O-O-O Bxc3 10. Qxc3 d4 11. Qd2 e5 12. Bg5
h6 $132 {Tichy,V-Smejkal,J/Mar.Lazne CS-ch/1978}) (4. Nd2 c5 5. Nxe4 dxe4 6.
dxc5 Qa5+ 7. c3 Qxc5 8. Qd4 $2 (8. Qa4+ Qc6 9. Qxc6+ Nxc6 10. f3 e5 11. Be3 Bf5
12. g4 Be6 13. Nh3 f6 14. Nf2 exf3 15. exf3 Ne7 $10 {Tunik,G-Avrukh,B/
Beersheba/1996}) 8... Qxd4 9. cxd4 Nc6 10. O-O-O e5 $1 11. dxe5 Be6 12. Kb1 e3
$1 13. Bxe3 Nb4 $17 {Mikhalevski,V-Tseitlin,MD/Beersheba/1996}) 4... c5 (4...
c6 5. Bd3 Qb6 6. Bxe4 Qxb2 7. Nd2 dxe4 8. Ne2 Nd7 9. O-O Nf6 10. c4 Qa3 11. Ng3
g6 12. Be5 Bg7 13. Ngxe4 $14 {Hodgson,J-Hjartarson,J/Copenhagen PC/1996}) 5.
Bd3 Nc6 {An extremly dangerous continuation demanding from black accurate play
to pass the opening in peace!} (5... e6 6. Bxe4 (6. Nd2 Nxd2 7. Qxd2 Nc6 8. c3
Bd6 9. Bxd6 Qxd6 10. f4 Bd7 11. Nf3 O-O-O 12. O-O f6 $11) 6... dxe4 7. Nc3 cxd4
8. Qxd4 Qxd4 9. exd4 Bb4 10. Nge2 f5 11. O-O-O Nc6 12. Rhf1 O-O 13. f3 exf3 14.
Rxf3 Bd7 $11 {Berg,K-Prusikhin,M/Morso DEN 2002}) (5... Qb6 6. Bxe4 dxe4 7. Nc3
cxd4 (7... Qxb2 $5 8. Nge2 cxd4 (8... Bg4 9. Rb1 Qxc3+ 10. Nxc3 Bxd1 11. Kxd1
cxd4 12. exd4 Nc6 13. d5 O-O-O 14. Ke2 Nd4+ 15. Ke3 $14 {Tu Hoang Thong-West,G/
Elista RUS 1998}) 9. Rb1 Qa3 10. Qxd4 Nc6 11. Qxe4 f5 12. Qd5 e6 13. Qd2 e5 14.
Nb5 Qe7 15. Bg5 Qf7 $11 {Turzo,A-Hatanbaatar,B/FSGM June, Budapest HUN 1998})
8. Qxd4 $1 Qxd4 9. exd4 f5 $1 (9... Bf5 10. Nge2 e6 11. O-O-O Nc6 12. d5 exd5
13. Nxd5 O-O-O 14. Nec3 Bc5 15. Be3 $14 {Tu Hoang Thai-Esplana,C/Elista RUS
1998}) 10. Nge2 e6 11. Nb5 Na6 $11 {[%cal Gc8d7]}) ({Quite reliable is} 5...
cxd4 $1 6. exd4 (6. Bxe4 dxe4 7. Qxd4 Qxd4 8. exd4 Nc6 9. c3 b6 10. Nd2 Bb7 11.
Ne2 $14 {[%csl Re4][%cal Ge2g3] Lputian,S-Rytshagov,M/Istanbul 2000}) 6... Qb6
$1 {[%cal Gb6b2]} (6... Nc6 7. c3 Bf5 8. Qe2 e6 9. Nd2 Nd6 $11 {Timman,J-Van
Wely,L/Breda 1998}) (6... g6 7. Be5 f6 8. Bxb8 Rxb8 9. Ne2 Bh6 10. c4 O-O 11.
O-O Be6 12. Bxe4 dxe4 13. d5 Bf7 14. Nbc3 f5 $132 {Akopian,V-Herrera,I/Linares
ESP 2001}) 7. Bxe4 dxe4 8. Nc3 Nc6 9. d5 e5 $1 10. Be3 Qxb2 (10... Nd4 11. Nge2
Bg4 12. Bxd4 exd4 13. Qxd4 Qxd4 14. Nxd4 $14 {Janssen,R-Visser,Y/Rotterdam 1999
}) 11. Nge2 Nb4 $15) (5... Nf6 $5 6. Nf3 e6 7. O-O Nc6 8. c3 Bd6 $11) 6. Bxe4 {
White wants to take over the initiative by starting actions in the center.}
dxe4 7. d5 (7. c3 Qb6 8. Qb3 Be6 $36) 7... e5 (7... Nb4 8. Nc3 e6 $8 9. d6 Qa5
$1 (9... b6 10. Nb5 Na6 11. Qe2 Bd7 12. O-O-O Qc8 13. Qc4 Qb7 14. Ne2 O-O-O 15.
Nec3 $16 {Krueger,A-Bressel,T/Germany 2002}) 10. Nge2 Bd7 (10... Nd5 11. Bg3
Nxc3 12. Nxc3 Bd7 13. O-O Bc6 14. Qh5 Rd8 15. Rfd1 $36 {Mensch,E-Musanti,D/
Budapest 2001}) 11. O-O f5 12. a3 Nc6 13. b4 $1 cxb4 $8 14. axb4 Qb6 15. b5 Nd8
$1 $13 {Hodgson,J-Tseitlin,M, Ischia, 1996}) 8. Bg3 Ne7 (8... Nb4 9. Nc3 Bg4
10. Qxg4 Nxc2+ 11. Kd2 Nxa1 12. Nge2 Qb6 13. Kc1 $16) 9. Nc3 (9. c4 f6 10. Nc3
Bf5 11. f3 $5 exf3 12. Nxf3 $36) 9... Ng6 (9... f6 $5 10. Nxe4 (10. Qh5+ Ng6
11. O-O-O Qa5 12. f4 exf3 13. Nxf3 Qc7 14. Nb5 Qd7 15. Nh4 Qg4 16. Nc7+ Kf7 17.
Qxg4 Bxg4 18. Nxa8 Bxd1 19. Rxd1 Nxh4 20. Bxh4 Bd6 $11 {Berg,K-Navara,D/Morso
2002}) 10... Nxd5 11. Bxe5 $1 Bf5 $1 12. Ng3 Be6 13. e4 Nb4 $132 {Liang
Chong-Dizdar,G/Las Vegas 1999}) 10. h4 (10. Nxe4 $2 {Ftacnik} f5 11. Nc3 f4 $17
) 10... h5 11. f3 $5 {[%cal Gg3f2] Taking the pawn on e4 would be just a
suicide: Ftacnik: 'In the original position both sides are somewhat
disoriented by searching for their own ways.'} (11. Nxe4 {'!?' Ftacnik.} f5 (
11... Bf5 $5) (11... Qb6 {Ftacnik} 12. Qc1 Bg4 13. c4 O-O-O 14. Qc3 $14) 12.
Nc3 Qb6 13. Rb1 f4 14. exf4 exf4 15. Qe2+ Be7 16. Bh2 Bg4 $36 {and black's
initiative is too strong to face.}) 11... Be7 $6 {Slightly weird idea: black
is willing to trade his central pawn on e4 for the white one on h4!} (11...
exf3 12. Nxf3 Bd6 $13 {'=' Ftacnik.}) (11... Qb6 {Ftacnik} 12. Qc1 exf3 13.
Nxf3 Bd6 $11) 12. Nxe4 f5 13. Nc3 Bxh4 (13... f4 14. exf4 exf4 15. Bf2 Nxh4 (
15... Bf5 16. Qe2 Qb6 17. O-O-O O-O-O) 16. d6 Bf6 17. Qe2+ Kf7 18. O-O-O $36)
14. Bxh4 Nxh4 15. Qd2 $14 {Now white has a very comfortable advantage.} Qg5 16.
Nh3 Qg3+ (16... Qxg2 17. Qxg2 Nxg2+ 18. Kf2 Nh4 19. Rag1 Kf8 20. Rg5 $16 {
[%csl Rh4]}) 17. Qf2 f4 $6 {Missing white's reply! It was necessary to play} (
17... Qxf2+ 18. Kxf2 Ng6 $14 {with a worse, but defendable position.}) 18. Nxf4
{Ftacnik: 'Radjabov is only 14 and due to that doesn't feel reservations in
tactical squirmish with extremely strong Judit. White is better developed and
his chances will be preferable in all lines.'} Nxf3+ (18... exf4 19. Qxg3 fxg3
20. Rxh4 g5 21. Rh1 $18) 19. gxf3 exf4 20. Qxg3 fxg3 21. Ne4 h4 22. Nxg3 O-O (
22... Ke7 23. Ke2 Bd7 24. Ne4 $18 {[%cal Ga1g1]}) 23. Rxh4 Rxf3 24. Ne4 Bf5 $6
{The final mistake depriving black any hope to hold on. The only chance to
fight for a draw was} (24... Rxe3+ $8 25. Kd2 (25. Kf2 Rh3 26. Rxh3 Bxh3 27.
Kg3 Bf5 28. Nxc5 Rc8 $16 {[%csl Rc2]}) 25... Rh3 (25... Rf3 26. Rah1 $1 Kf8 27.
Rh8+ Ke7 28. Rg8 $18 {[%cal Gh1h8]}) 26. Rxh3 Bxh3 27. Nxc5 Bg2 $1 $16) 25. Ke2
Bxe4 26. Rxe4 Raf8 27. Kd3 $18 b5 28. Re7 R8f7 29. Re8+ Rf8 30. Rxf8+ Kxf8 31.
a4 b4 32. Kc4 Rxe3 33. Kxc5 Re2 34. c4 $1 Rxb2 35. Kc6 b3 36. d6 Rd2 37. d7 b2
38. Rf1+ Ke7 39. Re1+ Kf7 40. Kc7 1-0

[Event "Wch Blitz 8th"]
[Site "Dubai"]
[Date "2014.06.20"]
[Round "19"]
[White "Radjabov, Teimour"]
[Black "Eljanov, Pavel"]
[Result "1-0"]
[WhiteElo "2724"]
[BlackElo "2723"]
[PlyCount "121"]
[EventDate "2014.06.19"]
[EventType "swiss (blitz)"]
[EventRounds "21"]
[EventCountry "UAE"]
[SourceTitle "CBM 160 Extra"]
[Source "ChessBase"]
[SourceDate "2014.07.01"]
[SourceVersion "1"]
[SourceVersionDate "2014.07.01"]
[SourceQuality "1"]

1. d4 Nf6 2. Bg5 d5 3. e3 c6 4. Bd3 g6 5. Nf3 Bg7 6. O-O O-O 7. c4 Bg4 8. Nbd2
Nbd7 9. h3 Bxf3 10. Nxf3 e6 11. a3 a5 12. Rc1 a4 13. Qe2 h6 14. Bf4 Nb6 15.
Rfd1 Nxc4 16. Bxc4 dxc4 17. Rxc4 Qa5 18. Be5 Rfd8 19. Qc2 Qa6 20. Rc1 Nd7 21.
Bxg7 Kxg7 22. Qc3 Kg8 23. e4 Nf6 24. Qe3 Kg7 25. Ne5 Qb6 26. Rb4 Qc7 27. Qf4
Qe7 28. Qe3 Ne8 29. Nc4 Nd6 30. Nb6 Ra6 31. Nxa4 e5 32. Nc5 Raa8 33. dxe5 Qxe5
34. Nxb7 Nxb7 35. Rxb7 Rd4 36. Re1 Rad8 37. Qf3 R8d7 38. Rxd7 Rxd7 39. b4 Rd2
40. Qe3 Ra2 41. Rc1 Qb2 42. Qc3+ Qxc3 43. Rxc3 h5 44. h4 Kf8 45. f3 Ke7 46.
Rxc6 Rxa3 47. Rb6 Rb3 48. Kh2 Rb2 49. Rb7+ Ke6 50. b5 Ke5 51. Rxf7 Rxb5 52. Kg3
Ke6 53. Ra7 Rb2 54. Ra6+ Kf7 55. Ra1 Kf6 56. Rf1 Ra2 57. Rf2 Ra1 58. Rb2 Ra6
59. Kf4 Kf7 60. Rd2 Kf6 61. Rd6+ 1-0

[Event "Benidorm Bali"]
[Site "Benidorm"]
[Date "2003.11.28"]
[Round "7"]
[White "Radjabov, Teimour"]
[Black "Romero Holmes, Alfonso"]
[Result "1-0"]
[WhiteElo "2650"]
[BlackElo "2544"]
[Annotator "Finkel,A"]
[PlyCount "55"]
[EventDate "2003.11.27"]
[EventType "tourn (rapid)"]
[EventRounds "11"]
[EventCountry "ESP"]
[EventCategory "16"]
[SourceTitle "CBM 099"]
[Source "ChessBase"]
[SourceDate "2004.03.30"]
[SourceVersion "1"]
[SourceVersionDate "2004.03.30"]
[SourceQuality "1"]

1. d4 Nf6 2. Bg5 Ne4 3. Bf4 c5 4. d5 Qa5+ 5. c3 Qb6 $6 {Definitly not the best
reaction. Black is wasting too much time with queen moves, meanwhile white
completes the development of his pieces and gets a very strong pressure.} (5...
g6 6. f3 Nf6 7. e4 d6 8. Nd2 Bg7 9. Nc4 Qd8 10. a4 O-O 11. Qd2 b6 12. Bd3 $14 {
Piket,J-Sowray,P/Wijk aan Zee 1985}) (5... d6 6. Nf3 Nd7 7. Nbd2 Ndf6 8. a4 a6
9. Nc4 Qd8 10. a5 e6 11. Nb6 Rb8 12. dxe6 fxe6 $132 {Fink,S-Ginsburg,M/
Philadelphia 2001}) (5... e6 6. f3 Nf6 7. e4 Qb6 8. Bc1 exd5 9. exd5 Bd6 10.
Na3 O-O 11. Nc4 Re8+ 12. Kf2 Qc7 $13 {Lawson,E-Wang,H/Toronto 2002}) 6. Nd2
Nxd2 7. Qxd2 d6 (7... g6 8. h4 d6 9. h5 gxh5 10. Rxh5 Nd7 11. f3 Nf6 12. Rh4 e6
13. c4 Bd7 14. e4 $14 {Tondivar,B-Avrukh,B/Groningen 1993}) (7... e6 8. e4 exd5
9. exd5 Bd6 10. Qe2+ Kf8 11. Be3 Qa5 12. Nf3 b6 13. Ng5 f6 14. Ne4 $16 {
Horvath,P-Sebenik,M/Latschach 2001}) 8. e4 e5 9. dxe6 Bxe6 10. Nf3 Nc6 $6 {
If black's inaccuracy on the 5th move made his chances to get a reasonable
position quite problematic, this one barries his hopes for any counterplay!} (
10... Be7 11. Ng5 Bxg5 12. Bxg5 Nc6 13. Be2 O-O 14. O-O f6 15. Be3 Ne5 $14) 11.
Ng5 $1 {Of course!} Ne5 12. Nxe6 fxe6 13. O-O-O Be7 14. Bg3 {[%cal Gf2f4,Gf1c4]
Preparing to divorce the black knight from e5 by playing f4.} Qc6 (14... O-O-O
15. f4 Nd7 16. Bc4 d5 17. exd5 Nf6 18. d6 Rxd6 19. Qe2 $16 {[%csl Re6]}) 15. f4
Nf7 $6 (15... Nd7 $8 16. Qe2 (16. Be2 Nf6 17. e5 dxe5 18. fxe5 Ne4 19. Qc2 Nxg3
20. hxg3 Bg5+ 21. Kb1 Rd8 $14) (16. Bc4 Qxe4 17. Bb5 O-O-O 18. Rhe1 Qf5 $13)
16... Nf6 17. e5 dxe5 18. Qxe5 $16) 16. Bc4 $1 Qd7 ({Taking on e4 would also
lead to disasterous consequances.} 16... Qxe4 17. Bb5+ Kf8 18. Rhe1 {[%csl Re6]
} Qf5 19. Bd3 Qf6 20. Re3 g6 21. Rde1 Nd8 22. f5 gxf5 23. Bxf5 $18) 17. f5 Bg5
18. Bf4 Bxf4 19. Qxf4 e5 20. Qd2 {The black king has nowhere to go.} Rd8 21. g4
O-O 22. g5 Kh8 23. Rhg1 $18 {Bringing the rook to h3.} b5 24. Be6 Qe7 25. Bd5
Rb8 26. Rg3 Nd8 27. Rh3 Nf7 28. Rg1 1-0

[Event "Moscow Aeroflot op-A"]
[Site "Moscow"]
[Date "2005.02.22"]
[Round "8"]
[White "Radjabov, Teimour"]
[Black "Areshchenko, Alexander"]
[Result "1-0"]
[WhiteElo "2667"]
[BlackElo "2570"]
[Annotator "Postny,E"]
[PlyCount "61"]
[EventDate "2005.02.15"]
[EventType "swiss"]
[EventRounds "9"]
[EventCountry "RUS"]
[SourceTitle "CBM 106"]
[Source "ChessBase"]
[SourceDate "2005.06.06"]
[SourceVersion "1"]
[SourceVersionDate "2005.06.06"]
[SourceQuality "1"]

1. d4 Nf6 2. Bg5 c5 3. d5 Ne4 4. Bf4 Qb6 5. Nd2 $5 {An interesting pawn
sacrifice, which leads to unusual positions from the very beginning.} ({
The main line is} 5. Bc1) 5... Qxb2 (5... Nxd2 6. Bxd2 Qxb2 (6... e5 7. e4 d6
8. Nf3 Be7 9. Bd3 Bg4 10. b3 Qd8 11. h3 Bxf3 12. Qxf3 Bg5 13. Bb5+ Kf8 14. Bc3
$14 {1-0 Winants,L-Turner,M/France 2001/CBM 083 (88)}) 7. e4 d6 (7... Qe5 8.
Bd3 Qc7 9. f4 c4 10. Be2 e6 11. Nf3 exd5 12. exd5 Bc5 13. Bxc4 O-O 14. Qe2 d6
$15 {1/2-1/2 Winants,L-Czarnota,P/Cappelle la Grande 2002/CBM 086 ext (44)}) (
7... g6 8. Rb1 Qe5 9. Bd3 Bg7 10. Nf3 Qc7 11. h4 d6 12. c4 Nd7 13. h5 Ne5 14.
Nxe5 Bxe5 15. Qb3 O-O 16. Bc3 Rb8 17. Qb2 $36 {1-0 Winants,L-Franzen,J/
Cappelle la Grande 2001/CBM 080 ext (27)}) 8. Rb1 Qf6 9. f4 e5 10. Bb5+ Nd7 11.
Nf3 exf4 12. O-O Be7 13. e5 dxe5 14. Bc3 $36 {1-0 Piket,J-Hertneck,G/Tilburg
1993/CBM 039 [Stohl] (28)}) 6. Nxe4 Qb4+ 7. c3 {In most of the preceding games
white continued 7.Qd2.} (7. Qd2 Qxe4 8. e3 (8. Nf3 d6 9. e3 Qb4 10. c3 Qa5 11.
Rb1 g6 12. e4 Bg7 13. e5 O-O 14. Be2 Nd7 15. Rb5 Qc7 16. exd6 exd6 17. Bh6 Nf6
$15 {1/2-1/2 Adams,M-Gelfand,B/Tilburg 1992/CBM 032 (69)}) 8... g5 (8... e5 9.
dxe6 Qxe6 10. Ne2 Be7 11. Nc3 O-O 12. Nd5 Bd8 13. Be2 Nc6 14. O-O Ba5 15. c3 d6
16. Rfd1 Rd8 17. Rab1 $44 {1/2-1/2 Winants,L-Ibraev,N/Mallorca 2004/CBM 104 no
vc (72)}) (8... Qb4 9. c3 Qa5 10. d6 Nc6 11. Nf3 exd6 12. Bc4 Be7 13. h4 Ne5
14. Bd5 Nxf3+ 15. gxf3 Bf6 16. Rc1 $44 {1/2-1/2 Winants,L-Schebler,G/Belgium
2002/EXT 2004 [Winants] (60)}) (8... e6 9. Ne2 Qxd5 10. Qxd5 exd5 11. Nc3 d6
12. Nxd5 Kd8 13. O-O-O Be6 14. Nc3 Nd7 15. Be2 f6 16. Bf3 Rb8 17. Ne4 Ne5 18.
Nxd6 Bxd6 19. Bxe5 fxe5 20. Rxd6+ Ke7 $11 {1-0 Klinger,J-Akopian,V/Palma de
Mallorca 1989/TD (26)}) 9. f3 Qf5 10. Bg3 d6 11. Bd3 Qf6 12. Rb1 $44 {1-0
Vandevoort,P-Vachier Lagrave,M/Paris 2003/CBM 099 [Finkel] (38)}) 7... Qxe4 8.
e3 b5 $6 $146 {This push is not to the point. Black should try to develop his
kingside as soon as possible.} (8... g5 9. Bg3 Bg7 10. Rc1 d6 11. Nf3 Qg6 12.
h4 h6 13. h5 Qf5 14. Bd3 Qg4 15. e4 O-O 16. Qb3 Nd7 $15 {0-1 Piket,M-Hoffmann,
M/Netherlands 2000/CBM 075 ext (48)}) (8... e6 9. dxe6 Qxe6 10. Nf3 Be7 11. Bd3
b6 12. Qc2 g6 13. h4 Bb7 14. h5 Rg8 15. hxg6 hxg6 $15 {0-1 Djurhuus,R-Tisdall,
J/Norway 1995/CBM 048 [Tisdall] (65)}) 9. Nf3 c4 $6 {This move loses the
control over d4 square.} (9... a6 {would have been safer.}) 10. Be2 {Calmly
completing the development.} d6 (10... Bb7 11. Nd4 Qxg2 12. Bf3 Qg6 13. Nxb5
Na6 14. Rb1 {with strong attack.}) 11. O-O {It'a already impossible for black
to complete the development normally.} Bb7 12. Nd2 Qf5 13. Rb1 Qd7 14. Bg4 Qc7
(14... e6 15. e4 Be7 16. Nf3 {[%csl Rb5,Re6][%cal Gf3d4]} Na6 17. Nd4 Nc7 18.
Rxb5 $1 Nxb5 19. dxe6 fxe6 20. Bxe6 Qc7 21. Qh5+ Kd8 22. Nxb5 {with crushing
attack.}) 15. Rxb5 a6 16. Rb4 Bxd5 17. Bf3 Bc6 (17... Bxf3 18. Qxf3 Nc6 19.
Rfb1 {and the following penetration of the rook is decisive.}) 18. Nxc4 Nd7 19.
Bxc6 Qxc6 20. Na5 $1 Qxc3 21. Qa4 {White's advantage in development is the
decisive factor in the position.} g5 {Desperate, but insufficient attempt to
complete the development of kingside pieces.} 22. Bxg5 (22. Nc4 gxf4 23. Rb3
Qc2 (23... Qf6 24. Nb6 Qf5 25. e4 Qg4 26. h3 Qe6 27. Nxa8 $18) 24. Qc6 $18 {
[%csl Ra8,Rc2][%cal Gc4d6]}) 22... Rg8 23. Bh4 f5 24. h3 {A useful prophylaxy.
White does not need to be in a hurry.} Ra7 25. Nc6 Rc7 26. Nd4 Kf7 (26... Qd3
27. Bg3 $18 (27. Ne6 $6 {gives black some chances after} Rxg2+ $1 28. Kxg2 Qd5+
29. Kh2 Qxe6)) 27. Nxf5 Nc5 28. Qa5 Rd7 {A blunder, but, obviously black's
position could not be saved anyway.} {[%tqu "En","Please enter the best move
for White.","","","f5d6","",5]} 29. Nxd6+ $1 {[%csl Rc3][%cal Gb4f4,Ga5c3]} Ke6
30. Ne4 Rd5 31. Nxc3 1-0